Normal view
MARC view
Entry Personal Name
001 - CONTROL NUMBER
- control field: 3902
003 - CONTROL NUMBER IDENTIFIER
- control field: HDC
005 - DATE AND TIME OF LATEST TRANSACTION
- control field: 20230624073152.0
008 - FIXED-LENGTH DATA ELEMENTS
- fixed length control field: 210113|| aca||aabn | a|a d
040 ## - CATALOGING SOURCE
- Original cataloging agency: HDC
- Transcribing agency: HDC
100 ## - HEADING--PERSONAL NAME
- Personal name: Hamilton, Paul T.
670 ## - SOURCE DATA FOUND
- Source citation: Work cat.: (HDC): Christensen, Dale J., author 3901, Microbial Genomics and Drug Discovery. Chapter 11 : , 2003
